Carregando...

Commerce education /

Detalhes bibliográficos
Autor principal: Ghosh, A. B.
Formato: Printed Book
Idioma:English
Publicado em: New Delhi : S Chand, 1969.
LEADER 00611nam a22001457a 4500
008 171027b xxu||||| |||| 00| 0 eng d
999 |c 164885  |d 164885 
082 |a 658.007  
100 |a Ghosh, A. B. 
245 |a Commerce education /  |c A. B. Ghosh 
260 |b S Chand,  |c 1969.  |a New Delhi : 
300 |a 119 p. 
942 |c BK 
952 |0 0  |1 0  |4 0  |6 658_007000000000000_GHO_C  |7 0  |8 SEC  |9 181224  |a CMS  |b CMS  |c ST1  |d 2017-10-27  |i 1178  |l 0  |o 658.007 GHO/C  |p CMS1178  |r 2017-10-27  |w 2017-10-27  |y BK 
952 |0 0  |1 0  |4 0  |6 658_007000000000000_GHO_C  |7 0  |8 SEC  |9 181225  |a CMS  |b CMS  |c ST1  |d 2017-10-27  |i 2749  |l 0  |o 658.007 GHO/C  |p CMS2749  |r 2017-10-27  |w 2017-10-27  |y BK